Copper Flashings and Weatherings (Record no. 548933)

000 -LEADER
fixed length control field 00412nam a22001457a 4500
082 ## - DEWEY DECIMAL CLASSIFICATION NUMBER
Classification number 691.83
Author Mark COP
-- L-14, P-29
100 ## - MAIN ENTRY--PERSONAL NAME
Personal name Copper Dev Association
9 (RLIN) 45397
245 ## - TITLE STATEMENT
Title Copper Flashings and Weatherings
250 ## - EDITION STATEMENT
Edition statement 1st
260 ## - PUBLICATION, DISTRIBUTION, ETC.
Place of publication, distribution, etc. Copper Development Association
Name of publisher, distributor, etc. Kendals Hall
Date of publication, distribution, etc. 1947
300 ## - PHYSICAL DESCRIPTION
Extent P-144.
Other physical details ill.
Dimensions 12cm
526 ## - STUDY PROGRAM INFORMATION NOTE
Program name 0
Interest level 0
Reading level 0
Title point value 691_830000000000000_COP
650 ## - SUBJECT ADDED ENTRY--TOPICAL TERM
Topical term or geographic name entry element MCE
9 (RLIN) 379
942 ## - ADDED ENTRY ELEMENTS (KOHA)
Source of classification or shelving scheme
Koha item type Book
Holdings
Withdrawn status Lost status Source of classification or shelving scheme Damaged status Not for loan Permanent Location Current Location Date acquired Total Checkouts Full call number Barcode Date last seen Price effective from Koha item type
          Military College of Engineering (MCE) Military College of Engineering (MCE) 09/11/2014   691.83 COP MCE-29928 09/11/2014 09/11/2014 Book
© 2023 Central Library, National University of Sciences and Technology. All Rights Reserved.